Nové Zámky vasuti állomás
Zobrazenie: pohľad sprava na staničnú budovu a nástupište plné ľudí, v popredí koľajisko
| Médium: | Pohľadnica |
|---|---|
| Jazyk: | maďarčina slovenčina |
| Fyzický popis: | 1 pohľadnica čiernobiela 9 x 14 cm |
| Vydavateľské údaje: |
[Slovensko?]
[vydavateľ neznámy]
[1925?]
|
| Predmet: |
MARC
| LEADER | 00000nkm a2200000 a 4500 | ||
|---|---|---|---|
| 001 | vtls011610616 | ||
| 003 | SK-MaSNL | ||
| 005 | 20260512125754.0 | ||
| 007 | kp bo | ||
| 008 | 231206q1925 xo g kuhun | ||
| 015 | |a SNBG | ||
| 040 | |a SNK |b slo |c SNK |e AACR2 | ||
| 041 | 0 | |a hun |a slo | |
| 043 | |a e-xo--- | ||
| 044 | |a xo |c SK | ||
| 080 | |a 913(437.6) |2 2011 | ||
| 080 | |a 725.1:656.21 |2 2011 | ||
| 080 | |a (084.121) |2 2011 | ||
| 245 | 0 | 0 | |a Nové Zámky |h grafika |b vasuti állomás |
| 246 | 3 | 1 | |a Nové Zámky |b stanica |
| 246 | 3 | 3 | |a Vasuti állomás |b Nové Zámky |
| 260 | |a [Slovensko?] |b [vydavateľ neznámy] |c [1925?] | ||
| 300 | |a 1 pohľadnica |b čiernobiela |c 9 x 14 cm | ||
| 520 | 8 | |a Zobrazenie: pohľad sprava na staničnú budovu a nástupište plné ľudí, v popredí koľajisko | |
| 546 | |a Súbežný názov slov. | ||
| 650 | 0 | 7 | |a železničné stanice |2 SNKPH |9 30261 |
| 651 | 7 | |a Nové Zámky (Slovensko) |2 SNKPH |9 15884 | |
| 655 | 7 | |a miestne pohľadnice |2 SNKPH |9 70510 | |
| 958 | |a GC | ||
| 958 | |a GBN | ||
| 999 | |c 1106449 |d 1108379 | ||
| 952 | |a SNK |b SNK |y PREZ |7 0 |p 17A1221940 |o snkSP 18770 |0 0 |1 0 |4 0 |d 2017-02-13 |f 1 |l 0 |r 2026-02-24 17:47:54 |w 2026-02-24 | ||


